European Translation Match Quiz Stats

 Plays Quiz Updated Mar 19, 2014

Also try: Czech Yourself
Challenge
Share
Tweet
Embed
Score 0/30 Timer 10:00
8 Plays Today
% Correct
Ierland
88%
Pologne
87.3%
Βοσνία και Ερζεγοβίνη
85.8%
Norge
82.3%
an tSlóivéin
77%
Weißrussland
74.8%
Lettonia
74.2%
Suecia
74.1%
Renju Unit
70.7%
Eslováquia
69%
Іcлaндія
61.7%
Баўгарыя
58.7%
Qipro
57.3%
Лихтенщайн
53.2%
Suomija
49.3%
% Correct
Tsjekkia
48.3%
Włochy
47.8%
Svartfjallaland
45.8%
Nizozemska
42.1%
Hırvatistan
36.9%
Данска
36.3%
Řecko
33.4%
Литва
32.8%
Elveţia
31.4%
Nemčija
28%
Prantsusmaa
27.7%
Мађарска
27.4%
Oroszország
26.4%
Igaunija
17.4%
Rakúsko
15.7%

You're not logged in!

Compare scores with friends on all Sporcle quizzes.
OR
Log In

You Might Also Like...

Show Comments

Extras

Top Quizzes Today


Score Distribution

Your Account Isn't Verified!

In order to create a playlist on Sporcle, you need to verify the email address you used during registration. Go to your Sporcle Settings to finish the process.

Report this User

Report this user for behavior that violates our Community Guidelines.

Details: